00269 a2200121 4500001000700000020002200007040001100029100002600040240003500066245003000101300000700131362000900138190924 a978-85-360-0939-1 cMagnum aViana, Antonio Carlos10aO palhaço e a bailarinalpor10aO palhaço e a bailarina a320 a2007